| 000 | 00743nam a2200265Ia 4500 | ||
|---|---|---|---|
| 001 | Para_4390 | ||
| 003 | CHAP | ||
| 008 | 220125s1918 xx 000 0 und d | ||
| 010 | _a202903 | ||
| 040 | _cCHAP | ||
| 090 | _aPA FOLLETO 1624 | ||
| 100 |
_aHorton, J. R _956394 |
||
| 245 |
_aThe citrus thrips / _c by J. R. Horton |
||
| 260 |
_aWashington : _b Department of Agriculture |
||
| 300 | _a42 p | ||
| 440 |
_aEUA. Depart. of Agriculture Bull.; 616 _9168384 |
||
| 650 |
_aScirtothrips citri Trips CĂtricos _x Enfermedades _9168385 |
||
| 901 | _aPA FOLLETO 1624 | ||
| 902 | _aA | ||
| 905 | _a0000001918 WAS 0000000000 00 | ||
| 910 | _a1918 | ||
| 942 | _cPARA | ||
| 942 |
_cPARA _d1 |
||
| 999 |
_c202903 _d202903 |
||